Statistiques concernant Cette année-là: 1829

Cliquez ici pour prendre le quiz!

Statistiques générales

  • Ce quiz a été pris 10 fois
  • Le résultat moyen est 4 sur 10

Statistiques - réponses

HintRéponse% Correct
Ce système d'écriture en relief pour aveugle est mis en placeBraille
100%
12 août:Création de cette ville en AustraliePerth
90%
15 mars: Je publie les ChouansHonoré de Balzac
50%
14 septembre: Par le traité d'Andrinople la Russie acquiert la souveraineté sur l'entiereté de ce paysGéorgie
40%
11 octobre: L'expédition Goubeyre bombarde ce pays africainMadagascar
30%
1er janvier: cette technologie est expérimentée à Paris pour l'éclairage publicEclairage au gaz
20%
2 juin (date conventionnelle) : Joseph Smith traduit des tablettes métalliques qu’il aurait trouvées sous terre, sur indication d’un ange. Début de la prédication de cette nouvelle religionMormonisme
20%
8 août: Martignac est démis par Charles X et remplacé par cet ultraPolignac
20%
10-11 février: Un cyclone ravage cette îleîle Bourbon
0%
8 octobre: Nom de l'engin de Stephenson qui atteint la vitesse record de 47 km/h.La fusée
0%

Distribution des résultats

Percentile par nombre de réponses

% des personnes avec chaque résultat

Votre développement - résultats

Vous n’avez pas pris ce quiz